000
00314nam a22001337a 4500
999
_c
161650
_d
161650
020
_a
082
_a
_b
100
_a
Ramniranjan Parimalendu
245
_a
Bachchan patron ke darpan mein/
_c
by Ramniranjan Parimalendu.
260
_a
New Delhi:
_b
Vani,
_c
2009.
300
_a
240p.
650
_a
942
_c
BK